| 000 | nam a22 7a 4500 | ||
|---|---|---|---|
| 999 |
_c48946 _d48946 |
||
| 003 | OSt | ||
| 005 | 20190909113625.0 | ||
| 008 | 190909b xxu||||| |||| 00| 0 eng d | ||
| 040 | _cIIMT UNIVERSITY | ||
| 100 | _aKABRA .A | ||
| 245 | _aCONCISE COURSE IN PHARMACEUTIAL CHEMISTRY | ||
| 260 |
_aGHAZIABAD _bPEE VEE PUB _c2017 |
||
| 300 | _a176 | ||
| 942 |
_2ddc _c01 |
||